Vista normal
Vista MARC
Entrada Personal Name
Número de registros utilizados en: 1
001 - CONTROL NUMBER
- control field: 13494
003 - CONTROL NUMBER IDENTIFIER
- control field: OSt
005 - DATE AND TIME OF LATEST TRANSACTION
- control field: 20210216094358.0
008 - FIXED-LENGTH DATA ELEMENTS
- fixed length control field: 210216|| aca||aabn | a|a d
040 ## - CATALOGING SOURCE
- Original cataloging agency: OSt
- Transcribing agency: OSt
100 ## - HEADING--PERSONAL NAME
- Personal name: Granados González, Saulo
670 ## - SOURCE DATA FOUND
- Source citation: Work cat.: (OSt): Jaramillo García, Oscar, autor 13491, Apuntes para la historia del Comité de Cafeteros del Quindio /, c2016